Statistics for Former Country Flag-Shape Picture Quiz

Click here to take the quiz!

General Stats

  • This quiz has been taken 3,137 times
    (2,706 since last reset)
  • The average score is 12 of 16

Answer Stats

Answer% Correct
Soviet Union
99%
Texas
96%
Yugoslavia
93%
Scotland
92%
Czechoslovakia
92%
Austria-Hungary
85%
Ottoman Empire
85%
East Germany
83%
Prussia
73%
Zaire
70%
Gran Colombia
68%
Tibet
62%
Newfoundland
58%
Holy Roman Empire
58%
South Vietnam
51%
Vermont
47%

Score Distribution

Percentile by Number Answered

Percent of People with Each Score

Your Score History

You have not taken this quiz since the last reset